[Event "EIRCC 2019"]
[Site "Tallinn"]
[Date "2019.12.05"]
[Round "2.14"]
[White "Popov, Valerij"]
[Black "Muter, Donny"]
[Result "1-0"]
[WhiteElo "2583"]
[BlackElo "2177"]
[Annotator "TA"]
[PlyCount "101"]
[EventDate "2019.12.05"]
[EventType "swiss"]
[EventCountry "EST"]
[SourceTitle "playchess.com"]
[Source "ChessBase"]
[SourceQuality "1"]

{[%evp 9,101,64,98,83,83,75,87,56,87,68,135,109,129,134,163,131,125,42,38,-5,43,0,0,-13,40,43,36,5,14,13,5,2,51,39,31,-26,0,-34,42,6,11,8,35,0,0,0,12,16,31,37,37,39,44,43,79,25,236,225,237,217,200,135,135,111,118,141,129,96,168,147,147,147,147,147,147,147,147,146,146,147,210,125,195,155,125,89,6403,6475,29971,29972,29977,29980,29981,29982]} 1. Nf3 d6 2. d4 Bg4 3. e4 c6 4. h3 Bh5 5. Nc3 Qc7 (5... Nd7 6. g4 Bg6 7. h4 h5 8. g5 e6 9. Qe2 d5 10. exd5 cxd5 11. Nxd5 Qa5+ 12. Nc3 {1-0 (55) Ivanisevic,I (2649)-Miladinovic,I (2604) Mataruska Banja 2008}) 6. Bf4 {B12: Caro-Kann: Advance Variation} Nd7 7. g4 Bg6 8. Bg3 $146 {White is better.} ({Predecessor:} 8. e5 e6 9. Qd2 O-O-O 10. O-O-O dxe5 11. Nxe5 Bd6 {0-1 (55) Chojnacki,K (2351)-Samborski,H (2188) Opole 2006}) 8... e5 9. Qe2 Ngf6 (9... O-O-O $14) 10. O-O-O O-O-O 11. h4 {h5 is the strong threat.} h6 12. h5 Bh7 13. g5 (13. dxe5 $16 Nxe5 14. Nxe5 dxe5 15. Bh3 Rxd1+ 16. Qxd1 (16. Rxd1 Kb8 $14)) 13... hxg5 $14 14. Nxg5 Bg8 15. Bh3 Kb8 16. Bf5 Be7 (16... exd4 $11 17. Rxd4 g6 18. Bxd7 Rxd7) 17. dxe5 dxe5 18. a3 Ne8 19. Nf3 {Hoping for Rxd7.} f6 $1 20. Nh4 {And now Ng6 would win.} Nf8 21. Bg4 Nd6 22. b3 (22. f4 $14) 22... Be6 23. a4 Qc8 (23... Qa5 $15 24. Nb1 Qb4) 24. f3 Bxg4 25. fxg4 Ne6 26. Bf2 (26. Ng6 $5 {[%cal Rg6e7]} Rhe8 27. Nxe7 Rxe7 28. h6 $11) 26... Qc7 27. Kb2 Rhe8 28. Be3 Nc8 29. Qc4 $36 {[%mdl 2048] White is more active.} Rxd1 30. Rxd1 Bf8 31. Nf5 Nd6 32. Qe2 (32. Nxd6 $16 Bxd6 33. Ne2) 32... Nxf5 $2 (32... Rd8 $11) 33. exf5 $18 Nc5 {[#]} 34. Qc4 $1 b6 35. b4 Nb7 {[#]} 36. Ne4 $1 Nd6 37. Nxd6 Bxd6 38. c3 e4 (38... Rd8 $16 {might work better.}) 39. Rd4 c5 40. Rxe4 Rxe4 41. Qxe4 cxb4 42. cxb4 Be5+ 43. Bd4 Bxd4+ 44. Qxd4 $16 {[%mdl 4096] Endgame KQ-KQ} Qh2+ (44... a6 $16 {was necessary.} 45. b5 axb5) 45. Kc3 (45. Kb3 $18) 45... Qg3+ (45... Qc7+ $16 46. Kd3 Qg3+ 47. Kc4 Qc7+ 48. Kb5 Qe7) 46. Kc4 $18 {aiming for Kb5.} Qc7+ 47. Kb5 {Black must now prevent Qd5.} Kc8 $2 {[%mdl 8192]} (47... Qe7 $16) 48. Qd5 Kb8 49. a5 {White mates.} bxa5 50. bxa5 Kc8 51. Qg8+ {Accuracy: White = 44%, Black = 30%.} 1-0

[Event "EIRCC 2019"]
[Site "Tallinn"]
[Date "2019.12.05"]
[Round "2.15"]
[White "Babula, Vlastimil"]
[Black "Poznyak, Nazar"]
[Result "1-0"]
[WhiteElo "2559"]
[BlackElo "2176"]
[Annotator "ChessBase"]
[PlyCount "89"]
[EventDate "2019.12.05"]
[EventType "swiss"]
[EventCountry "EST"]
[SourceTitle "playchess.com"]
[Source "ChessBase"]
[SourceQuality "1"]
[TimeControl "900+10"]

1. d4 {[%emt 0:00:00]} Nf6 {[%emt 0:00:00]} 2. c4 {[%emt 0:00:00]} e6 {[%emt 0:00:00]} 3. Nc3 {[%emt 0:00:15]} Bb4 {[%emt 0:00:00]} 4. e3 {[%emt 0:00:07]} O-O {[%emt 0:00:00]} 5. Bd3 {[%emt 0:00:07]} d5 {[%emt 0:00:10]} 6. Nf3 {[%emt 0:00:18]} c5 {[%emt 0:00:07]} 7. cxd5 {[%emt 0:00:10]} exd5 {[%emt 0:00:03]} 8. dxc5 {[%emt 0:00:04]} Nc6 {[%emt 0:00:11]} 9. O-O {[%emt 0:00:26]} Bxc5 {[%emt 0:00:03]} 10. h3 {[%emt 0:00:08]} Qe7 {[%emt 0:00:48]} 11. b3 {[%emt 0:00:05]} Rd8 {[%emt 0:00:02]} 12. Bb2 {[%emt 0:00:11]} Ne4 {[%emt 0:00:19]} 13. Rc1 {[%emt 0:00:38]} Bf5 {[%emt 0:00:37]} 14. Ne2 {[%emt 0:00:26]} Rac8 {[%emt 0:01:07]} 15. Nf4 {[%emt 0:01:50]} h6 {[%emt 0:00:46]} 16. Qe2 {[%emt 0:00:36]} g5 {[%emt 0:02:42]} 17. Nh5 {[%emt 0:00:29]} Bg6 {[%emt 0:00:01]} 18. Bxe4 {[%emt 0:01:25]} dxe4 {[%emt 0:00:02]} 19. Nf6+ {[%emt 0:00:20]} Kf8 {[%emt 0:00:02]} 20. Nd2 {[%emt 0:00:29]} Bb4 {[%emt 0:00:03]} 21. Rfd1 {[%emt 0:00:40]} Rd6 {[%emt 0:00:39]} 22. Nc4 {[%emt 0:02:42]} Rxf6 {[%emt 0:00:33]} 23. a3 {[%emt 0:00:01]} b5 {[%emt 0:01:36]} 24. Ne5 {[%emt 0:01:36]} Bf5 {[%emt 0:00:21]} 25. axb4 {[%emt 0:00:15]} Nxe5 {[%emt 0:00:12]} 26. Rxc8+ {[%emt 0:00:21]} Bxc8 {[%emt 0:00:01]} 27. Bxe5 {[%emt 0:00:52]} Qxe5 {[%emt 0:00:01]} 28. Rd8+ {[%emt 0:00:02]} Kg7 {[%emt 0:00:02]} 29. Rxc8 {[%emt 0:00:01]} Ra6 {[%emt 0:01:19]} 30. g3 {[%emt 0:00:23]} Qa1+ {[%emt 0:00:27]} 31. Kg2 {[%emt 0:00:23]} Ra2 {[%emt 0:00:50]} 32. Rc2 {[%emt 0:01:07]} Rxc2 {[%emt 0:00:14]} 33. Qxc2 {[%emt 0:00:01]} Qe5 {[%emt 0:00:05]} 34. g4 {[%emt 0:00:08]} a6 {[%emt 0:01:56]} 35. Qc6 {[%emt 0:00:05]} f5 {[%emt 0:01:54]} 36. Qb7+ {[%emt 0:00:06]} Kf8 {[%emt 0:00:21]} 37. Qxa6 {[%emt 0:00:04]} f4 {[%emt 0:00:26]} 38. Qxh6+ {[%emt 0:00:04]} Ke7 {[%emt 0:00:56]} 39. h4 {[%emt 0:00:21]} fxe3 {[%emt 0:01:04]} 40. fxe3 {[%emt 0:00:05]} gxh4 {[%emt 0:00:10]} 41. Qxh4+ {[%emt 0:00:12]} Kd7 {[%emt 0:00:02]} 42. Qh7+ {[%emt 0:00:10]} Ke6 {[%emt 0:00:25]} 43. Qf5+ {[%emt 0:00:57]} Qxf5 {[%emt 0:00:06]} 44. gxf5+ {[%emt 0:00:01]} Kxf5 {[%emt 0:00:28]} 45. Kh3 {[%emt 0:00:04]} 1-0

[Event "EIRCC 2019"]
[Site "Tallinn"]
[Date "2019.12.05"]
[Round "2.16"]
[White "Stupak, Kirill"]
[Black "Loy, Konstantin"]
[Result "1-0"]
[WhiteElo "2552"]
[BlackElo "2154"]
[Annotator "ChessBase"]
[PlyCount "61"]
[EventDate "2019.12.05"]
[EventType "swiss"]
[EventCountry "EST"]
[SourceTitle "playchess.com"]
[Source "ChessBase"]
[SourceQuality "1"]
[TimeControl "900+10"]

1. d4 {[%emt 0:00:00]} Nf6 {[%emt 0:00:00]} 2. c4 {[%emt 0:00:00]} c5 {[%emt 0:00:00]} 3. Nf3 {[%emt 0:00:00]} cxd4 {[%emt 0:00:00]} 4. Nxd4 {[%emt 0:00:00]} e5 {[%emt 0:00:21]} 5. Nb5 {[%emt 0:00:00]} d5 {[%emt 0:00:07]} 6. cxd5 {[%emt 0:00:01]} Bc5 {[%emt 0:00:05]} 7. N5c3 {[%emt 0:00:02]} O-O {[%emt 0:00:13]} 8. e3 {[%emt 0:00:01]} Qe7 {[%emt 0:00:14]} 9. a3 {[%emt 0:00:25]} a5 {[%emt 0:00:10]} 10. Be2 {[%emt 0:02:10]} e4 {[%emt 0:00:10]} 11. Nd2 {[%emt 0:00:32]} Na6 {[%emt 0:02:55]} 12. Qc2 {[%emt 0:04:38]} Re8 {[%emt 0:01:34]} 13. O-O {[%emt 0:02:20]} Bf5 {[%emt 0:02:25]} 14. Rd1 {[%emt 0:00:02]} Nc7 {[%emt 0:03:19]} 15. Nc4 {[%emt 0:01:16]} Rad8 {[%emt 0:01:08]} 16. d6 {[%emt 0:01:59]} Bxd6 {[%emt 0:00:13]} 17. Nxd6 {[%emt 0:00:21]} Rxd6 {[%emt 0:00:02]} 18. Rxd6 {[%emt 0:00:43]} Qxd6 {[%emt 0:00:01]} 19. h3 {[%emt 0:00:14]} Na6 {[%emt 0:03:42]} 20. Bd2 {[%emt 0:00:29]} Nc5 {[%emt 0:00:17]} 21. Nb5 {[%emt 0:00:01]} Qb6 {[%emt 0:00:12]} 22. Bxa5 {[%emt 0:00:37]} Qxa5 {[%emt 0:00:25]} 23. Qxc5 {[%emt 0:00:01]} Qd2 {[%emt 0:00:40]} 24. Nd4 {[%emt 0:01:29]} Qxb2 {[%emt 0:00:27]} 25. Qc1 {[%emt 0:00:01]} Qxc1+ {[%emt 0:00:13]} 26. Rxc1 {[%emt 0:00:00]} Be6 {[%emt 0:00:12]} 27. Nxe6 {[%emt 0:00:23]} Rxe6 {[%emt 0:00:13]} 28. Rc7 {[%emt 0:00:01]} b6 {[%emt 0:00:03]} 29. Bc4 {[%emt 0:00:06]} Re8 {[%emt 0:00:16]} 30. Bxf7+ {[%emt 0:00:02]} Kf8 {[%emt 0:00:04]} 31. Bxe8 {[%emt 0:00:02]} 1-0

[Event "EIRCC 2019"]
[Site "Tallinn"]
[Date "2019.12.05"]
[Round "2.17"]
[White "Lehiste, Margus"]
[Black "Ruck, Robert"]
[Result "0-1"]
[WhiteElo "2177"]
[BlackElo "2551"]
[Annotator "ChessBase"]
[PlyCount "60"]
[EventDate "2019.12.05"]
[EventType "swiss"]
[EventCountry "EST"]
[SourceTitle "playchess.com"]
[Source "ChessBase"]
[SourceQuality "1"]
[TimeControl "900+10"]

1. d4 {[%emt 0:00:00]} Nf6 {[%emt 0:02:19]} 2. c4 {[%emt 0:00:00]} e6 {[%emt 0:00:02]} 3. Nf3 {[%emt 0:00:00]} d5 {[%emt 0:00:03]} 4. g3 {[%emt 0:00:00]} dxc4 {[%emt 0:00:01]} 5. Qa4+ {[%emt 0:00:00]} Nbd7 {[%emt 0:00:06]} 6. Qxc4 {[%emt 0:00:00]} a6 {[%emt 0:00:01]} 7. Bg2 {[%emt 0:00:00]} b5 {[%emt 0:00:02]} 8. Qc2 {[%emt 0:00:00]} Bb7 {[%emt 0:00:03]} 9. Bf4 {[%emt 0:00:01]} c5 {[%emt 0:00:07]} 10. dxc5 {[%emt 0:00:21]} Bxc5 {[%emt 0:00:02]} 11. O-O {[%emt 0:00:13]} Rc8 {[%emt 0:00:02]} 12. Qb3 {[%emt 0:00:27]} O-O {[%emt 0:00:26]} 13. Nc3 {[%emt 0:00:57]} Qb6 {[%emt 0:00:47]} 14. Ne5 {[%emt 0:00:25]} Nxe5 {[%emt 0:01:23]} 15. Bxb7 {[%emt 0:01:16]} Qxb7 {[%emt 0:00:15]} 16. Bxe5 {[%emt 0:00:02]} Ng4 {[%emt 0:00:09]} 17. Bf4 {[%emt 0:00:11]} Bd4 {[%emt 0:01:42]} 18. h3 {[%emt 0:00:34]} Nf6 {[%emt 0:00:01]} 19. Rac1 {[%emt 0:00:47]} h6 {[%emt 0:02:13]} 20. e3 {[%emt 0:03:31]} Bxc3 {[%emt 0:01:30]} 21. Rxc3 {[%emt 0:00:11]} Rxc3 {[%emt 0:01:42]} 22. Qxc3 {[%emt 0:00:06]} Rc8 {[%emt 0:00:05]} 23. Qd3 {[%emt 0:01:58]} Qf3 {[%emt 0:00:18]} 24. Qd1 {[%emt 0:01:54]} Qe4 {[%emt 0:00:02]} 25. Qb1 {[%emt 0:00:03]} Rc2 {[%emt 0:01:15]} 26. g4 {[%emt 0:01:39]} Qc6 {[%emt 0:00:15]} 27. Rd1 {[%emt 0:00:12]} Ne4 {[%emt 0:00:07]} 28. Bg3 {[%emt 0:02:54]} Nxg3 {[%emt 0:00:26]} 29. Rd8+ {[%emt 0:00:02]} Kh7 {[%emt 0:00:02]} 30. Rd2 {[%emt 0:00:01]} Qh1# {[%emt 0:00:01]} 0-1

[Event "EIRCC 2019"]
[Site "Tallinn"]
[Date "2019.12.05"]
[Round "2.18"]
[White "Kulaots, Kaido"]
[Black "Belous, Mikhail"]
[Result "1-0"]
[WhiteElo "2544"]
[BlackElo "2149"]
[Annotator "ChessBase"]
[PlyCount "93"]
[EventDate "2019.12.05"]
[EventType "swiss"]
[EventCountry "EST"]
[SourceTitle "playchess.com"]
[Source "ChessBase"]
[SourceQuality "1"]
[TimeControl "900+10"]

1. e4 {[%emt 0:00:00]} c5 {[%emt 0:00:03]} 2. Nf3 {[%emt 0:00:00]} d6 {[%emt 0:00:08]} 3. d4 {[%emt 0:00:00]} cxd4 {[%emt 0:00:02]} 4. Nxd4 {[%emt 0:00:00]} Nf6 {[%emt 0:00:01]} 5. Nc3 {[%emt 0:00:02]} a6 {[%emt 0:00:02]} 6. Be3 {[%emt 0:00:23]} e5 {[%emt 0:00:07]} 7. Nb3 {[%emt 0:00:34]} Be6 {[%emt 0:00:03]} 8. Be2 {[%emt 0:00:16]} Be7 {[%emt 0:01:15]} 9. h4 {[%emt 0:00:07]} h5 {[%emt 0:00:39]} 10. Nd5 {[%emt 0:01:00]} Bxd5 {[%emt 0:01:34]} 11. exd5 {[%emt 0:00:02]} Nbd7 {[%emt 0:00:08]} 12. Qd2 {[%emt 0:01:39]} Rc8 {[%emt 0:00:17]} 13. O-O-O {[%emt 0:01:51]} Nb6 {[%emt 0:02:05]} 14. Kb1 {[%emt 0:01:14]} Nbxd5 {[%emt 0:01:50]} 15. Bg5 {[%emt 0:00:23]} b5 {[%emt 0:03:55]} 16. Bf3 {[%emt 0:04:08]} e4 {[%emt 0:00:31]} 17. Be2 {[%emt 0:00:57]} g6 {[%emt 0:01:00]} 18. f3 {[%emt 0:01:20]} O-O {[%emt 0:01:05]} 19. g4 {[%emt 0:00:46]} hxg4 {[%emt 0:01:29]} 20. fxg4 {[%emt 0:00:19]} Qc7 {[%emt 0:00:20]} 21. Nd4 {[%emt 0:01:08]} e3 {[%emt 0:00:23]} 22. Bxe3 {[%emt 0:00:02]} Ne4 {[%emt 0:00:01]} 23. Qd3 {[%emt 0:00:01]} Nc5 {[%emt 0:00:39]} 24. Nxb5 {[%emt 0:01:26]} Nxd3 {[%emt 0:01:06]} 25. Nxc7 {[%emt 0:00:02]} Rxc7 {[%emt 0:00:15]} 26. Rxd3 {[%emt 0:00:09]} Nxe3 {[%emt 0:00:02]} 27. Rxe3 {[%emt 0:00:01]} a5 {[%emt 0:00:05]} 28. g5 {[%emt 0:00:20]} Rb8 {[%emt 0:00:11]} 29. Bf3 {[%emt 0:00:29]} Bf8 {[%emt 0:00:09]} 30. Bd5 {[%emt 0:00:28]} Bg7 {[%emt 0:00:08]} 31. b3 {[%emt 0:00:01]} Be5 {[%emt 0:00:24]} 32. h5 {[%emt 0:00:24]} gxh5 {[%emt 0:00:11]} 33. g6 {[%emt 0:00:03]} Kf8 {[%emt 0:00:11]} 34. gxf7 {[%emt 0:00:09]} a4 {[%emt 0:00:09]} 35. Rxh5 {[%emt 0:00:11]} Ke7 {[%emt 0:00:04]} 36. Rexe5+ {[%emt 0:00:24]} dxe5 {[%emt 0:00:01]} 37. Rxe5+ {[%emt 0:00:01]} Kf8 {[%emt 0:00:13]} 38. Rg5 {[%emt 0:00:10]} Ke7 {[%emt 0:00:14]} 39. Rg8 {[%emt 0:00:02]} Rf8 {[%emt 0:00:07]} 40. Kb2 {[%emt 0:00:04]} axb3 {[%emt 0:00:09]} 41. axb3 {[%emt 0:00:04]} Rc5 {[%emt 0:00:11]} 42. c4 {[%emt 0:00:05]} Rcc8 {[%emt 0:00:19]} 43. Kc3 {[%emt 0:00:05]} Kd6 {[%emt 0:00:10]} 44. Kd4 {[%emt 0:00:06]} Rb8 {[%emt 0:00:10]} 45. b4 {[%emt 0:00:03]} Ke7 {[%emt 0:00:11]} 46. b5 {[%emt 0:00:14]} Rbd8 {[%emt 0:00:10]} 47. b6 {[%emt 0:00:18] Ke8 Ke4+} 1-0

[Event "EIRCC 2019"]
[Site "Tallinn"]
[Date "2019.12.05"]
[Round "2.19"]
[White "Peterson, Emery"]
[Black "Saric, Ante"]
[Result "0-1"]
[WhiteElo "2176"]
[BlackElo "2538"]
[Annotator "ChessBase"]
[PlyCount "78"]
[EventDate "2019.12.05"]
[EventType "swiss"]
[EventCountry "EST"]
[SourceTitle "playchess.com"]
[Source "ChessBase"]
[SourceQuality "1"]
[TimeControl "900+10"]

1. d4 {[%emt 0:00:42]} Nf6 {[%emt 0:00:00]} 2. Nc3 {[%emt 0:00:05]} d5 {[%emt 0:00:00]} 3. e4 {[%emt 0:00:02]} Nxe4 {[%emt 0:00:03]} 4. Nxe4 {[%emt 0:00:03]} dxe4 {[%emt 0:00:01]} 5. Be3 {[%emt 0:00:02]} e6 {[%emt 0:00:10]} 6. f3 {[%emt 0:00:04]} Bd7 {[%emt 0:00:01]} 7. Qd2 {[%emt 0:00:03]} Bc6 {[%emt 0:00:06]} 8. Be2 {[%emt 0:00:04]} Nd7 {[%emt 0:00:15]} 9. O-O-O {[%emt 0:00:05]} Nf6 {[%emt 0:00:09]} 10. Kb1 {[%emt 0:00:09]} Bd6 {[%emt 0:00:59]} 11. c4 {[%emt 0:00:39]} Qd7 {[%emt 0:00:40]} 12. Qc3 {[%emt 0:01:50]} a6 {[%emt 0:00:56]} 13. Nh3 {[%emt 0:00:39]} exf3 {[%emt 0:00:17]} 14. gxf3 {[%emt 0:00:24]} O-O-O {[%emt 0:00:09]} 15. Rhg1 {[%emt 0:00:50]} Rhg8 {[%emt 0:00:26]} 16. b4 {[%emt 0:03:51]} Bxh2 {[%emt 0:00:41]} 17. Rg2 {[%emt 0:00:32]} Bd6 {[%emt 0:00:02]} 18. Nf2 {[%emt 0:00:47]} Nh5 {[%emt 0:01:14]} 19. Nd3 {[%emt 0:02:17]} Ng3 {[%emt 0:00:37]} 20. Rxg3 {[%emt 0:00:27]} Bxg3 {[%emt 0:00:01]} 21. Nc5 {[%emt 0:00:02]} Qe8 {[%emt 0:00:10]} 22. b5 {[%emt 0:00:05]} axb5 {[%emt 0:00:15]} 23. cxb5 {[%emt 0:00:11]} Bd5 {[%emt 0:00:46]} 24. Qa5 {[%emt 0:01:51]} b6 {[%emt 0:03:50]} 25. Qa6+ {[%emt 0:00:52]} Kb8 {[%emt 0:00:02]} 26. Nd3 {[%emt 0:00:03]} Bd6 {[%emt 0:01:18]} 27. Rc1 {[%emt 0:00:26]} Bb7 {[%emt 0:00:24]} 28. Qa4 {[%emt 0:00:02]} g5 {[%emt 0:01:02]} 29. Bd2 {[%emt 0:00:47]} e5 {[%emt 0:00:29]} 30. d5 {[%emt 0:00:13]} Bxd5 {[%emt 0:00:56]} 31. Bb4 {[%emt 0:00:06]} Bb7 {[%emt 0:00:46]} 32. Bxd6 {[%emt 0:00:13]} Rxd6 {[%emt 0:00:02]} 33. Nb4 {[%emt 0:00:01]} Rd4 {[%emt 0:00:10]} 34. Bc4 {[%emt 0:00:23]} Rg6 {[%emt 0:00:29]} 35. Qb3 {[%emt 0:01:09]} Rf6 {[%emt 0:00:22]} 36. a4 {[%emt 0:00:21]} Rxf3 {[%emt 0:00:16]} 37. Qb2 {[%emt 0:00:26]} Qd7 {[%emt 0:00:18]} 38. a5 {[%emt 0:00:12]} Rxc4 {[%emt 0:00:23]} 39. Rxc4 {[%emt 0:00:02]} Qxb5 {[%emt 0:00:14]} 0-1

[Event "EIRCC 2019"]
[Site "Tallinn"]
[Date "2019.12.05"]
[Round "2.20"]
[White "Decosse, Jean-Fabien"]
[Black "Stocek, Jiri"]
[Result "0-1"]
[WhiteElo "2155"]
[BlackElo "2532"]
[Annotator "ChessBase"]
[PlyCount "76"]
[EventDate "2019.12.05"]
[EventType "swiss"]
[EventCountry "EST"]
[SourceTitle "playchess.com"]
[Source "ChessBase"]
[SourceQuality "1"]
[TimeControl "900+10"]

1. d4 {[%emt 0:02:52]} Nf6 {[%emt 0:00:00]} 2. c4 {[%emt 0:00:01]} e6 {[%emt 0:00:00]} 3. Nc3 {[%emt 0:00:01]} Bb4 {[%emt 0:00:00]} 4. e3 {[%emt 0:00:01]} O-O {[%emt 0:00:17]} 5. Nge2 {[%emt 0:00:02]} Re8 {[%emt 0:00:03]} 6. a3 {[%emt 0:00:01]} Bf8 {[%emt 0:00:03]} 7. d5 {[%emt 0:00:18]} a5 {[%emt 0:00:11]} 8. g3 {[%emt 0:00:03]} Na6 {[%emt 0:00:03]} 9. Bg2 {[%emt 0:00:02]} Nc5 {[%emt 0:00:06]} 10. b3 {[%emt 0:00:16]} c6 {[%emt 0:00:14]} 11. Rb1 {[%emt 0:00:17]} cxd5 {[%emt 0:00:42]} 12. cxd5 {[%emt 0:00:03]} e5 {[%emt 0:00:02]} 13. O-O {[%emt 0:00:21]} d6 {[%emt 0:00:06]} 14. b4 {[%emt 0:00:09]} axb4 {[%emt 0:00:08]} 15. axb4 {[%emt 0:00:01]} Ncd7 {[%emt 0:00:06]} 16. Na4 {[%emt 0:00:49]} h5 {[%emt 0:01:28]} 17. e4 {[%emt 0:00:12]} Be7 {[%emt 0:00:08]} 18. Bd2 {[%emt 0:00:56]} h4 {[%emt 0:00:07]} 19. Qb3 {[%emt 0:00:18]} Nh7 {[%emt 0:00:48]} 20. Rfc1 {[%emt 0:00:47]} Bg5 {[%emt 0:00:54]} 21. f4 {[%emt 0:00:34]} Bh6 {[%emt 0:00:45]} 22. Rc2 {[%emt 0:00:25]} exf4 {[%emt 0:01:25]} 23. Nxf4 {[%emt 0:00:46]} Nhf6 {[%emt 0:00:28]} 24. Ne6 {[%emt 0:01:04]} fxe6 {[%emt 0:00:29]} 25. dxe6 {[%emt 0:00:29]} Kh8 {[%emt 0:01:30]} 26. Bxh6 {[%emt 0:00:22]} Ne5 {[%emt 0:00:26]} 27. Bf4 {[%emt 0:01:02]} Bxe6 {[%emt 0:00:10]} 28. Qa3 {[%emt 0:00:30]} b5 {[%emt 0:00:33]} 29. Rd1 {[%emt 0:00:24]} Rxa4 {[%emt 0:00:36]} 30. Qc3 {[%emt 0:00:11]} Nfg4 {[%emt 0:01:34]} 31. h3 {[%emt 0:00:45]} Qb6+ {[%emt 0:00:11]} 32. Kh1 {[%emt 0:00:51]} Nf2+ {[%emt 0:00:18]} 33. Rxf2 {[%emt 0:00:08]} Qxf2 {[%emt 0:00:04]} 34. Rf1 {[%emt 0:00:12]} Qa7 {[%emt 0:00:07]} 35. Bxe5 {[%emt 0:00:21]} dxe5 {[%emt 0:00:04]} 36. Qxe5 {[%emt 0:00:02]} Kg8 {[%emt 0:00:24]} 37. Qxb5 {[%emt 0:00:07]} Qd7 {[%emt 0:00:15]} 38. Qc5 {[%emt 0:00:21]} Bxh3 {[%emt 0:00:26]} 0-1

[Event "EIRCC 2019"]
[Site "Tallinn"]
[Date "2019.12.05"]
[Round "2.21"]
[White "Belyakov, Bogdan"]
[Black "Lupik, Marina"]
[Result "1-0"]
[WhiteElo "2520"]
[BlackElo "2147"]
[Annotator "ChessBase"]
[PlyCount "63"]
[EventDate "2019.12.05"]
[EventType "swiss"]
[EventCountry "EST"]
[SourceTitle "playchess.com"]
[Source "ChessBase"]
[SourceQuality "1"]
[TimeControl "900+10"]

1. e4 {[%emt 0:00:00]} c5 {[%emt 0:00:00]} 2. c3 {[%emt 0:00:00]} d6 {[%emt 0:00:03]} 3. d4 {[%emt 0:00:00]} cxd4 {[%emt 0:00:17]} 4. cxd4 {[%emt 0:00:00]} Nf6 {[%emt 0:00:01]} 5. Nc3 {[%emt 0:00:01]} a6 {[%emt 0:00:06]} 6. Nf3 {[%emt 0:00:10]} g6 {[%emt 0:00:09]} 7. h3 {[%emt 0:01:08]} Bg7 {[%emt 0:00:09]} 8. a4 {[%emt 0:00:32]} O-O {[%emt 0:00:41]} 9. Bd3 {[%emt 0:00:08]} Nc6 {[%emt 0:00:06]} 10. O-O {[%emt 0:00:09]} e5 {[%emt 0:01:22]} 11. d5 {[%emt 0:00:39]} Nb4 {[%emt 0:00:04]} 12. Be2 {[%emt 0:00:15]} Bd7 {[%emt 0:00:37]} 13. a5 {[%emt 0:00:34]} b6 {[%emt 0:00:26]} 14. axb6 {[%emt 0:00:02]} Qxb6 {[%emt 0:00:02]} 15. Be3 {[%emt 0:00:03]} Qb7 {[%emt 0:00:12]} 16. Nd2 {[%emt 0:00:11]} Rfc8 {[%emt 0:00:28]} 17. Nc4 {[%emt 0:00:07]} Rd8 {[%emt 0:01:59]} 18. Qb3 {[%emt 0:01:29]} Bf8 {[%emt 0:03:53]} 19. Nb6 {[%emt 0:01:16]} a5 {[%emt 0:00:02]} 20. Nxa8 {[%emt 0:00:04]} Rxa8 {[%emt 0:00:01]} 21. Rfc1 {[%emt 0:00:25]} Be8 {[%emt 0:00:24]} 22. f3 {[%emt 0:00:25]} Nd7 {[%emt 0:01:39]} 23. Bb5 {[%emt 0:00:54]} Nf6 {[%emt 0:00:44]} 24. Bxe8 {[%emt 0:00:09]} Nxe8 {[%emt 0:00:01]} 25. Na2 {[%emt 0:00:17]} Rb8 {[%emt 0:00:32]} 26. Nxb4 {[%emt 0:00:03]} axb4 {[%emt 0:00:01]} 27. Qc4 {[%emt 0:00:35]} Nf6 {[%emt 0:00:53]} 28. Ra7 {[%emt 0:00:06]} Qb5 {[%emt 0:00:08]} 29. Qxb5 {[%emt 0:00:03]} Rxb5 {[%emt 0:00:01]} 30. Rcc7 {[%emt 0:00:14]} b3 {[%emt 0:00:55]} 31. Rxf7 {[%emt 0:00:09]} Ra5 {[%emt 0:00:05]} 32. Rxf8+ {[%emt 0:00:04]} 1-0

[Event "EIRCC 2019"]
[Site "Tallinn"]
[Date "2019.12.05"]
[Round "2.22"]
[White "Lumiste, Rene"]
[Black "Lintchevski, Daniil"]
[Result "0-1"]
[WhiteElo "2151"]
[BlackElo "2515"]
[Annotator "ChessBase"]
[PlyCount "50"]
[EventDate "2019.12.05"]
[EventType "swiss"]
[EventCountry "EST"]
[SourceTitle "playchess.com"]
[Source "ChessBase"]
[SourceQuality "1"]
[TimeControl "900+10"]

1. e4 {[%emt 0:00:00]} c6 {[%emt 0:00:00]} 2. d4 {[%emt 0:00:00]} d5 {[%emt 0:00:00]} 3. Nc3 {[%emt 0:00:00]} dxe4 {[%emt 0:00:01]} 4. Nxe4 {[%emt 0:00:00]} Bf5 {[%emt 0:00:05]} 5. Ng3 {[%emt 0:00:02]} Bg6 {[%emt 0:00:03]} 6. Nh3 {[%emt 0:00:14]} e6 {[%emt 0:00:03]} 7. Nf4 {[%emt 0:00:03]} Qh4 {[%emt 0:00:03]} 8. c3 {[%emt 0:01:19]} Nd7 {[%emt 0:00:02]} 9. Bc4 {[%emt 0:02:40]} Ngf6 {[%emt 0:01:03]} 10. Nh3 {[%emt 0:06:41]} h6 {[%emt 0:02:52]} 11. Nf4 {[%emt 0:00:32]} Bh7 {[%emt 0:00:03]} 12. O-O {[%emt 0:00:49]} Bd6 {[%emt 0:00:33]} 13. Qf3 {[%emt 0:01:01]} O-O-O {[%emt 0:00:19]} 14. Nd3 {[%emt 0:00:13]} e5 {[%emt 0:01:55]} 15. dxe5 {[%emt 0:00:15]} Qxc4 {[%emt 0:02:15]} 16. Nf5 {[%emt 0:00:02]} Bxe5 {[%emt 0:01:16]} 17. Ne7+ {[%emt 0:01:11]} Kb8 {[%emt 0:00:02]} 18. Nxe5 {[%emt 0:00:09]} Nxe5 {[%emt 0:00:01]} 19. Bf4 {[%emt 0:00:06]} Nfd7 {[%emt 0:00:48]} 20. Qg3 {[%emt 0:00:56]} f6 {[%emt 0:00:08]} 21. Rfd1 {[%emt 0:01:22]} Qf7 {[%emt 0:00:20]} 22. Nxc6+ {[%emt 0:00:05]} bxc6 {[%emt 0:00:05]} 23. Rd6 {[%emt 0:00:02]} Nb6 {[%emt 0:00:59]} 24. Rad1 {[%emt 0:00:47]} Rxd6 {[%emt 0:00:03]} 25. Rxd6 {[%emt 0:00:01]} Kb7 {[%emt 0:00:23]} 0-1